000 00740nam a2200241 a 4500
003 AR-BaBNM
005 20251128202729.0
008 082120s2002 ||||||||||||||000 | spa||
040 _cAR-BaBNM
100 1 _aBallesteros y Beretta, Antonio
245 0 0 _aHistoria de América
_bCristóbal Colón y el descubrimiento de América. 5
260 _aBarcelona
_bSalvat
_c1945
300 _a770 p.
_bil., láms., mapas
504 _aAl finalizar cada capítulo se encuentra la bibliografía consultada.
650 4 _aHISTORIA LATINOAMERICANA
650 4 _aESCLAVITUD
650 4 _aHISTORIA POLITICA
650 4 _aHISTORIA SOCIAL
650 4 _aHISTORIA ECONOMICA
653 _aDESCUBRIMIENTO DE AMERICA
942 _cBK
998 _cmariana
999 _c298
_d298